<?xml version="1.0" encoding="UTF-8"?>
<record
    xmlns:xsi="http://www.w3.org/2001/XMLSchema-instance"
    xsi:schemaLocation="http://www.loc.gov/MARC21/slim http://www.loc.gov/standards/marcxml/schema/MARC21slim.xsd"
    xmlns="http://www.loc.gov/MARC21/slim">

  <leader>02734nam a22003737i 4500</leader>
  <controlfield tag="003">OSt</controlfield>
  <controlfield tag="005">20251203115214.0</controlfield>
  <controlfield tag="008">251203b        ne|o|||| |||| 001 0 eng d</controlfield>
  <datafield tag="020" ind1=" " ind2=" ">
    <subfield code="a">9789082414189</subfield>
  </datafield>
  <datafield tag="040" ind1=" " ind2=" ">
    <subfield code="b">spa</subfield>
    <subfield code="c">LADOV</subfield>
  </datafield>
  <datafield tag="041" ind1=" " ind2=" ">
    <subfield code="a">eng</subfield>
  </datafield>
  <datafield tag="082" ind1="0" ind2="4">
    <subfield code="a">700.455</subfield>
    <subfield code="b">B726c</subfield>
  </datafield>
  <datafield tag="100" ind1="1" ind2=" ">
    <subfield code="a">Borasino, Teresa</subfield>
    <subfield code="e">autora</subfield>
  </datafield>
  <datafield tag="245" ind1="1" ind2="0">
    <subfield code="a">Climate Justice Code : </subfield>
    <subfield code="b">for artists, art workers, and arts organisations situated in the Global North / </subfield>
    <subfield code="c">Climate Justice Code working group</subfield>
  </datafield>
  <datafield tag="260" ind1=" " ind2=" ">
    <subfield code="a">Utrecht, Pa&#xED;ses Bajos : </subfield>
    <subfield code="b">Casco Art Institute, </subfield>
    <subfield code="c">[2023].</subfield>
  </datafield>
  <datafield tag="300" ind1=" " ind2=" ">
    <subfield code="a">144 p&#xE1;ginas : </subfield>
    <subfield code="b">fotograf&#xED;as ; </subfield>
    <subfield code="c">22.5 cm</subfield>
  </datafield>
  <datafield tag="505" ind1="0" ind2=" ">
    <subfield code="a">Preamble. -- Climate Justice. -- Care and Community. -- Introduction. Care / Cannach MacBride. -- Communities / Ana In&#xE9;s Heras, Leo Hwang, Aviv Kruglanski, and Molly Mullen, of the Community Economies Institute. -- Reparations, Rematriation, and Repair. Introduction / Teresa Borasino. -- Framing, Part 1. / Pau(la) Chaves Bonilla. -- Framing, Part 2 / Ama Josephine Budge Johnstone. -- Reparations / Josina Calliste. -- Rematriation / Nish Doshi. -- Repair / Jessica Palalagi. -- Whiteness. White Supremacy and Climate Justice -- Living Dying Cultures / Zoe Scoglio. -- Art and Radical Imagination. Introduction. Art and Radical Imagination / Clementine Edwards. -- About the Climate Justice Code. -- Colophon.</subfield>
  </datafield>
  <datafield tag="520" ind1="3" ind2=" ">
    <subfield code="a">The Climate Justice Code was first drafted by an editorial committee, alongside a steering committee, for Casco Art Institute&#x2019;s second Assembly for commoning art institutions in October 2019. Throughout 2020-2022 it was further developed by a working group of trans-oceanic artists, activists, and facilitators across the creative fields, based predominantly in Europe, with the intention that it be adopted and adapted by arts practitioners and arts organisations. The Climate Justice Code encourages practitioners beyond this immediate context to take it up, adapt it, and develop it.</subfield>
  </datafield>
  <datafield tag="650" ind1="0" ind2="4">
    <subfield code="a">Arte</subfield>
    <subfield code="v">cambio clim&#xE1;tico</subfield>
  </datafield>
  <datafield tag="650" ind1="0" ind2="4">
    <subfield code="a">Arte</subfield>
    <subfield code="v">comunidades</subfield>
  </datafield>
  <datafield tag="650" ind1="0" ind2="4">
    <subfield code="a">Ensayos</subfield>
  </datafield>
  <datafield tag="700" ind1="1" ind2=" ">
    <subfield code="a">Budge Johnstone, Ama Josephine </subfield>
    <subfield code="e">autora</subfield>
  </datafield>
  <datafield tag="700" ind1="1" ind2=" ">
    <subfield code="a">Calliste, Josina   </subfield>
    <subfield code="e">autora</subfield>
  </datafield>
  <datafield tag="700" ind1="1" ind2=" ">
    <subfield code="a">Chaves Bonilla, Paula</subfield>
    <subfield code="e">autora</subfield>
  </datafield>
  <datafield tag="700" ind1="1" ind2=" ">
    <subfield code="a">Doshi, Nish </subfield>
    <subfield code="e">autor</subfield>
  </datafield>
  <datafield tag="700" ind1="1" ind2=" ">
    <subfield code="a">Edwards, Clementine </subfield>
    <subfield code="e">autora</subfield>
  </datafield>
  <datafield tag="700" ind1="1" ind2=" ">
    <subfield code="a">MacBride, Cannach </subfield>
    <subfield code="e">autor</subfield>
  </datafield>
  <datafield tag="700" ind1="1" ind2=" ">
    <subfield code="a">Palalagi, Jessica </subfield>
    <subfield code="e">autora</subfield>
  </datafield>
  <datafield tag="700" ind1="1" ind2=" ">
    <subfield code="a">Scoglio, Zoe </subfield>
    <subfield code="e">autora</subfield>
  </datafield>
  <datafield tag="710" ind1="1" ind2="2">
    <subfield code="a">Utretcht, Pa&#xED;ses Bajos.</subfield>
    <subfield code="b">Climate Justice Code working group</subfield>
    <subfield code="e">autor</subfield>
  </datafield>
  <datafield tag="710" ind1="1" ind2="2">
    <subfield code="a">Australia.</subfield>
    <subfield code="b">Community Economies Institute.</subfield>
    <subfield code="e">autor</subfield>
  </datafield>
  <datafield tag="856" ind1=" " ind2="0">
    <subfield code="u">https://vasw.org.uk/resources/climate-justice-code-for-artists-art-workers-and-arts-organisations-situated-in-the-global-north</subfield>
  </datafield>
  <datafield tag="942" ind1=" " ind2=" ">
    <subfield code="2">ddc</subfield>
    <subfield code="c">1</subfield>
    <subfield code="h">700.455</subfield>
    <subfield code="i">B726c</subfield>
    <subfield code="n">0</subfield>
  </datafield>
  <datafield tag="999" ind1=" " ind2=" ">
    <subfield code="c">4576</subfield>
    <subfield code="d">4576</subfield>
  </datafield>
  <datafield tag="952" ind1=" " ind2=" ">
    <subfield code="0">0</subfield>
    <subfield code="1">0</subfield>
    <subfield code="2">ddc</subfield>
    <subfield code="4">0</subfield>
    <subfield code="7">0</subfield>
    <subfield code="8">Libros</subfield>
    <subfield code="a">LV</subfield>
    <subfield code="b">LV</subfield>
    <subfield code="d">2025-12-03</subfield>
    <subfield code="l">0</subfield>
    <subfield code="o">700.455 B726c</subfield>
    <subfield code="p">002736</subfield>
    <subfield code="r">2025-12-03 00:00:00</subfield>
    <subfield code="w">2025-12-03</subfield>
    <subfield code="y">1</subfield>
  </datafield>
</record>
